00469 2200193 4500001002100000005001500021008004100036020002200077035001900099041000700118082000800125090001400133100001700147245002100164260003300185300002900218500001100247650001700258INLIS00000000000322420241224112701241224||||||||| | ||| |||| || |  a978-602-242-184-9 0010-1224003224 aid0 a813 a813 CHE k0 aCheryl Kanza00aPeri Tanpa Sayap aBandungbMizan Pustakac2014 a108 hlm. : ilus. ; 21 cm aCet. 4 0acerita fiksi